La bonne journée : 3 juin : journée du...(mort subite) - Statistiques

Statistiques générales
  • Ce quiz a été pris 8 fois
  • Le résultat moyen est 2 sur 6
Answers on the Grid
Answers color-coded by a green-red scale on the quiz's grid according to % correct below.
C’est pas intime pour mettre un suppo
Le mien est couvert d’un petit chapeau
Il faut toujours protéger les tuyaux
C’est vrai, j’te raconte pas un mytho
Ou même pour uriner dans un pot
De possibles taches de cacao
Elle m’avait prévenue la météo
Si je l’emmène pour un rodéo
Depuis que je dors dedans, j’ai pas chaud
Aujourd’hui, c’est la journée du pipeau
Je ferais mieux de prendre un pédalo
Aujourd’hui, c’est la journée du vélo
 
Statistiques - réponses
Réponse % Correct
C’est pas intime pour mettre un suppo
57%
Depuis que je dors dedans, j’ai pas chaud
57%
Ou même pour uriner dans un pot
57%
Elle m’avait prévenue la météo
29%
Je ferais mieux de prendre un pédalo
29%
Aujourd’hui, c’est la journée du vélo
14%
Aucun quiz correspondant
Distribution des résultats
% des personnes avec chaque résultat
Percentile par nombre de réponses
Votre historique - résultats
Vous n’avez pas pris ce quiz